000 01004nam a22002415i 4500
001 152821
003 ES-MaACL
005 20250727024451.0
008 000717m18701872fr |||| | fre d
040 _aCCPB | B
_bspa
_cCCPB | B
080 _a572.1/.4
100 1 _aBüchner, Ludwig.
_9187738
245 1 2 _aL'homme selon la science
_b: son passé, son présent, son avenir ou D'où venons-nous?, qui sommes-nous?, où allons-nous? /
_cpar le docteur Louis Büchner ; traduit de l'allemand par le docteur Ch. Letourneau.
260 _aParis :
_bC. Reinwald, libraire-éditeur,
_c1870-1872.
300 _a3 t. en 1 vol. (438 p.) ;
_c22 cm.
505 8 _aContiene: T. I. D'où venons-nous? (151 p.) -- T. II. Qui sommes-nous? -- T. III. Où allons-nous?
650 7 _aAntropología física
_2embne
_99893
650 0 4 _aHombre-
_xOrigen.
_913452
700 0 _aLetourneau, Charles.
_971888
852 _aES-MaACL
_jD-4858
_z-- Enc. hol.
999 _c152821
_d152821